Ford Motor Company Trivia - Statistics

General Stats
  • This quiz has been taken 7,591 times
  • The average score is 10 of 17
Answer Stats
Hint Answer % Correct
Metro area in which Ford is based Detroit
94%
The founder of Ford Motor Company {Henry} Ford
93%
The world's best selling car prior to WWII Model T
77%
Name a model of Ford sedan produced in 2020 whose name starts with F Fiesta | Focus | Fusion
74%
Pickup truck that has been the best-selling vehicle in the U.S. since 1981 F-150
73%
Movie about Ford's victory at the 24 Hours of Le Mans in 1966 Ford v. {Ferrari}
71%
The original "pony car", first introduced in 1965 Mustang
66%
Ford sedan (1986–2019) that shared its name with a sign of the Zodiac Taurus
64%
Ford vehicle that O.J. Simpson was riding in during his slow speed car chase Bronco
58%
Advertising slogan used since 1979 Built Ford {Tough}
57%
Nickname of that car {Tin} Lizzie
46%
SUV that is larger than an Escape but smaller than an Expedition Explorer
44%
Complete the analogy : Cadillac is to GM as _____ is to Ford Lincoln
44%
Specific city in which the the headquarters are located Dearborn
36%
Car division introduced in 1958 which was a famous flop and was named after a son of the founder Edsel
35%
Union to which many of Ford's hourly workers belong United Auto Workers
31%
Electric version of the above Lightning
29%
No matching quizzes found
Score Distribution
Percent of People with Each Score
Percentile by Number Answered
Your Score History
You have not taken this quiz